State Capitals First Letter Blitz Quiz Stats

 Plays Quiz Updated Sep 28, 2018

Score 0/50 Timer 01:00
1 Play Today
Letter Capital % Correct
AAlbany
92.7%
AAnnapolis
92.7%
AAtlanta
92.7%
AAugusta
92.7%
AAustin
92.7%
BBaton Rouge
85.7%
BBismarck
85.7%
BBoise
85.7%
BBoston
85.7%
DDenver
81.3%
DDes Moines
81.3%
DDover
81.3%
CCarson City
79.5%
CCharleston
79.5%
CCheyenne
79.5%
CColumbia
79.5%
CColumbus
79.5%
CConcord
79.5%
HHarrisburg
79.3%
HHartford
79.3%
HHelena
79.3%
HHonolulu
79.3%
SSaint Paul
77.9%
SSacramento
77.9%
SSalem
77.9%
Letter Capital % Correct
SSalt Lake City
77.9%
SSanta Fe
77.9%
SSpringfield
77.9%
JJackson
77%
JJefferson City
77%
JJuneau
77%
TTallahassee
61.3%
TTopeka
61.3%
TTrenton
61.3%
IIndianapolis
60.9%
LLansing
59%
LLincoln
59%
LLittle Rock
59%
FFrankfort
55.1%
OOklahoma City
53.4%
OOlympia
53.4%
PPhoenix
52.5%
PPierre
52.5%
PProvidence
52.5%
MMadison
47.6%
MMontgomery
47.6%
MMontpelier
47.6%
RRaleigh
43.3%
RRichmond
43.3%
NNashville
28.6%

You're not logged in!

Compare scores with friends on all Sporcle quizzes.
OR
Log In

Sporcle TV

Today on Sporcle TV


Watch our educational content, quiz creation guides, and fun videos on Sporcle TV.

Show Comments

Extras

Top Quizzes Today


Score Distribution

Your Account Isn't Verified!

In order to create a playlist on Sporcle, you need to verify the email address you used during registration. Go to your Sporcle Settings to finish the process.

Report this User

Report this user for behavior that violates our Community Guidelines.

Details: